00578nmm a2200169Ia 4500008004100000020001800041041000800059100007500067245005100142264005800193300001800251490003500269650002900304856005100333942000700384999001700391251105s9999||||xx |||||||||||||||||und|| a9788484891628 aspa aFernández, Mauro Fernández-Ferreiro, Manuel Vázquez Veiga, Nancy 0aLos criollos de base ibérica :b ACBLPE 2003 a[Madrid, España] :bIberoamericana Vervuert, c2004 a308 páginas aLingüística Iberoamericana aRomance language studies uhttps://public.digitaliapublishing.com/a/18323 cCF c86532d86532